[Event "Newmarket Aurora Fall op U2000"]
[Site "Newmarket"]
[Date "2018.10.21"]
[Round "4"]
[White "Liu, Aaron K"]
[Black "Armstrong, Robert J"]
[Result "1-0"]
[WhiteElo "1583"]
[BlackElo "1519"]
[PlyCount "77"]
[EventDate "2018.10.20"]
[EventType "swiss"]
[EventRounds "5"]
[EventCountry "CAN"]
[SourceTitle "EXT 2022"]
[Source "ChessBase"]
[SourceDate "2021.10.06"]
[SourceVersion "1"]
[SourceVersionDate "2021.10.06"]
[SourceQuality "1"]

1. e4 g6 2. d4 Bg7 3. Nf3 c5 4. Be3 Qb6 5. b3 Nc6 6. c3 Nf6 7. dxc5 Qa5 8. b4 Nxb4 9. cxb4 Qxb4+ 10. Qd2 Qxd2+ 11. Nbxd2 Nxe4 12. Rc1 Nxd2 13. Kxd2 0-0 14. Bc4 d5 15. cxd6 Rd8 16. Rhd1 exd6 17. Ke2 Be6 18. Bxe6 fxe6 19. Ng5 e5 20. Ne6 Rd7 21. Nxg7 Kxg7 22. Rd5 Kf6 23. Rcd1 Ke6 24. Bc5 Rc8 25. Rxd6+ Rxd6 26. Rxd6+ Ke7 27. Rc6+ Kd7 28. Rxc8 Kxc8 29. Bxa7 b5 30. Bc5 Kd7 31. Ke3 Kc6 32. Bb4 Kd5 33. a3 h5 34. h4 e4 35. Kf4 Kd4 36. Kg5 e3 37. fxe3+ Kxe3 38. Kxg6 Kf2 39. Kxh5 1-0

[Event "Newmarket Aurora Fall op U2000"]
[Site "Newmarket"]
[Date "2018.10.20"]
[Round "3"]
[White "Armstrong, Robert J"]
[Black "Sharma, Vishruth"]
[Result "1-0"]
[WhiteElo "1519"]
[BlackElo "1655"]
[PlyCount "79"]
[EventDate "2018.10.20"]
[EventType "swiss"]
[EventRounds "5"]
[EventCountry "CAN"]
[SourceTitle "EXT 2022"]
[Source "ChessBase"]
[SourceDate "2021.10.06"]
[SourceVersion "1"]
[SourceVersionDate "2021.10.06"]
[SourceQuality "1"]

1. d4 Nf6 2. c4 g6 3. Nc3 Bg7 4. e4 d6 5. f3 0-0 6. Be3 Nbd7 7. Nge2 e5 8. d5 a5 9. g4 Nc5 10. Ng3 Ne8 11. h4 Bd7 12. Qd2 Qc8 13. h5 f5 14. Bh6 fxg4 15. hxg6 hxg6 16. Bxg7 Nxg7 17. Qh6 Rxf3 18. Qxg6 Rxg3 19. Rh7 Qf8 20. Qh6 Kf7 21. Qh5+ Ke7 22. Qg5+ Ke8 23. Rxg7 Be6 24. dxe6 Nxe6 25. Qg6+ Kd8 26. Rg8 Ke7 27. Nd5+ Kd7 28. Qh7+ Kc6 29. Rxf8 Rxf8 30. Qe7 Rg1 31. 0-0-0 Rfxf1 32. Rxf1 Rxf1+ 33. Kd2 g3 34. Ne3 Rf2+ 35. Ke1 Nd4 36. Kd1 Rxb2 37. Qe8+ Kb6 38. Qg8 Rxa2 39. c5+ Kxc5 40. Qxa2 1-0

[Event "Quebec op U2000"]
[Site "Longueuil"]
[Date "2018.07.25"]
[Round "6.38"]
[White "Kay, Sang Kill"]
[Black "Armstrong, Robert J"]
[Result "0-1"]
[WhiteElo "1687"]
[BlackElo "1512"]
[PlyCount "62"]
[EventDate "2018.07.21"]
[EventType "swiss"]
[EventRounds "9"]
[EventCountry "CAN"]
[SourceTitle "EXT 2022"]
[Source "ChessBase"]
[SourceDate "2021.10.06"]
[SourceVersion "1"]
[SourceVersionDate "2021.10.06"]
[SourceQuality "1"]

1. d4 f5 2. Bf4 Nf6 3. e3 e6 4. h3 Be7 5. Nd2 0-0 6. Bd3 b6 7. Qf3 d5 8. g4 Ne4 9. Qg2 Bh4 10. Nxe4 fxe4 11. Bxe4 dxe4 12. Qxe4 c6 13. Nf3 Be7 14. Bxb8 Rxb8 15. Qxc6 Bb7 16. Qxe6+ Kh8 17. Ne5 Bd5 18. Qd7 Bxh1 19. f4 Rc8 20. c3 Qxd7 21. Nxd7 Rfd8 22. Ne5 Kg8 23. g5 Be4 24. h4 Bd6 25. Ng4 Bf5 26. Nf2 Re8 27. Kd2 Re7 28. Re1 Rce8 29. a3 Bxf4 30. Nd3 Rxe3 31. Ne5 R3xe5+ 0-1

[Event "Quebec op U2000"]
[Site "Longueuil"]
[Date "2018.07.22"]
[Round "3.34"]
[White "Haji Ghanbari, Nader"]
[Black "Armstrong, Robert J"]
[Result "1-0"]
[WhiteElo "1895"]
[BlackElo "1512"]
[PlyCount "43"]
[EventDate "2018.07.21"]
[EventType "swiss"]
[EventRounds "9"]
[EventCountry "CAN"]
[SourceTitle "EXT 2022"]
[Source "ChessBase"]
[SourceDate "2021.10.06"]
[SourceVersion "1"]
[SourceVersionDate "2021.10.06"]
[SourceQuality "1"]

1. a3 f5 2. e4 fxe4 3. d3 Nf6 4. dxe4 e5 5. Nc3 Be7 6. Nf3 d6 7. Bc4 h6 8. h3 Nc6 9. Bd2 Bd7 10. 0-0 Qc8 11. Kh2 Be6 12. Nd5 Qd7 13. Nxc7+ Qxc7 14. Bxe6 Nd4 15. Nxd4 exd4 16. Bf4 g5 17. Bg3 h5 18. Kg1 Nxe4 19. Qxd4 Nf6 20. Rfe1 Kf8 21. Qd3 Kg7 22. Qf5 1-0

[Event "Aurora Spring op U2000"]
[Site "Aurora"]
[Date "2018.03.25"]
[Round "4.15"]
[White "Barbarich, Zdravko"]
[Black "Armstrong, Robert J"]
[Result "1-0"]
[WhiteElo "1616"]
[BlackElo "1557"]
[PlyCount "28"]
[EventDate "2018.03.24"]
[EventType "swiss"]
[EventRounds "5"]
[EventCountry "CAN"]
[SourceTitle "EXT 2022"]
[Source "ChessBase"]
[SourceDate "2021.10.06"]
[SourceVersion "1"]
[SourceVersionDate "2021.10.06"]
[SourceQuality "1"]

1. d4 f5 2. g3 Nf6 3. Bg2 Ne4 4. Nd2 d5 5. c4 e6 6. cxd5 exd5 7. e3 Bb4 8. Ne2 0-0 9. 0-0 g5 10. f3 Nxd2 11. Bxd2 Bd6 12. Nc3 c6 13. e4 Qb6 14. Bxg5 Qxd4+ 1-0

[Event "Aurora Spring op U2000"]
[Site "Aurora"]
[Date "2018.03.24"]
[Round "2.16"]
[White "Armstrong, Robert J"]
[Black "Maheux, Pierre"]
[Result "1/2-1/2"]
[WhiteElo "1557"]
[BlackElo "1675"]
[PlyCount "99"]
[EventDate "2018.03.24"]
[EventType "swiss"]
[EventRounds "5"]
[EventCountry "CAN"]
[SourceTitle "EXT 2022"]
[Source "ChessBase"]
[SourceDate "2021.10.06"]
[SourceVersion "1"]
[SourceVersionDate "2021.10.06"]
[SourceQuality "1"]

1. g3 e5 2. Bg2 d5 3. c4 c6 4. Qb3 dxc4 5. Qxc4 Be6 6. Qa4 Nf6 7. Nc3 Bd6 8. d3 h6 9. Bd2 0-0 10. Nf3 Nbd7 11. Qh4 Be7 12. Qa4 Nb6 13. Qc2 Rc8 14. Nxe5 Nfd5 15. a3 Bd6 16. Nc4 Bb8 17. Ne4 Rc7 18. Nc5 Bc8 19. e4 Re7 20. 0-0 Nf6 21. Bc3 Nh7 22. Rad1 f5 23. e5 f4 24. Qe2 Ng5 25. Nd2 f3 26. Nxf3 Bg4 27. d4 Nxf3+ 28. Kh1 Nxh2 29. f3 Nxf1 30. Rxf1 Be6 31. f4 Bc4 32. Nd3 Bd5 33. f5 Bxg2+ 34. Kxg2 Nd5 35. Nc5 Nc7 36. Qg4 Qd5+ 37. Kg1 Kh8 38. Qh4 Qf7 39. Ne4 Kg8 40. Nd6 Qd5 41. f6 Rd7 42. Qg4 Qe6 43. Qg6 Rff7 44. Nf5 Kh8 45. Nxg7 Rxg7 46. fxg7+ Rxg7 47. Rf8+ Rg8 48. Rxg8+ Qxg8 49. Qxh6+ Qh7 50. Qf8+ 1/2-1/2

[Event "Aurora Spring op U2000"]
[Site "Aurora"]
[Date "2018.03.24"]
[Round "1.12"]
[White "O'Sullivan, Patrick"]
[Black "Armstrong, Robert J"]
[Result "1-0"]
[WhiteElo "1744"]
[BlackElo "1557"]
[PlyCount "69"]
[EventDate "2018.03.24"]
[EventType "swiss"]
[EventRounds "5"]
[EventCountry "CAN"]
[SourceTitle "EXT 2022"]
[Source "ChessBase"]
[SourceDate "2021.10.06"]
[SourceVersion "1"]
[SourceVersionDate "2021.10.06"]
[SourceQuality "1"]

1. e4 g6 2. d4 Bg7 3. Nc3 d6 4. Be3 c6 5. Qd2 b5 6. f3 b4 7. Nce2 a5 8. Nf4 e5 9. dxe5 Bxe5 10. Bd4 Qf6 11. Bxe5 Qxe5 12. 0-0-0 Ke7 13. g4 Nf6 14. g5 Nfd7 15. h4 a4 16. Nd3 Qe6 17. Nxb4 a3 18. b3 Qe5 19. Qd4 Nc5 20. Nh3 Be6 21. Qxe5 dxe5 22. Nf2 Rc8 23. Nbd3 Nbd7 24. Nxc5 Nxc5 25. Nd3 Na4 26. c4 Nc3 27. Rd2 Bxc4 28. bxc4 f6 29. gxf6+ Kxf6 30. Nc5 Ra7 31. Rc2 Na4 32. Nxa4 Rxa4 33. Rc3 Rb8 34. Rh2 Rab4 35. Bd3 1-0

[Event "Canadian op U1800"]
[Site "Sault Ste Marie"]
[Date "2017.07.16"]
[Round "9.45"]
[White "Armstrong, Robert J"]
[Black "Essery, Richard"]
[Result "1-0"]
[WhiteElo "1503"]
[BlackElo "1630"]
[PlyCount "63"]
[EventDate "2017.07.08"]
[EventType "swiss"]
[EventRounds "9"]
[EventCountry "CAN"]
[SourceTitle "EXT 2022"]
[Source "ChessBase"]
[SourceDate "2021.10.06"]
[SourceVersion "1"]
[SourceVersionDate "2021.10.06"]
[SourceQuality "1"]

1. d4 c5 2. d5 b5 3. e3 a6 4. c4 Qb6 5. cxb5 axb5 6. Nc3 Ba6 7. Bd3 Nf6 8. e4 c4 9. Bc2 e6 10. Nf3 Bc5 11. 0-0 0-0 12. a3 Bb7 13. b4 Bxb4 14. Bb2 Bc5 15. h3 Na6 16. Ne2 exd5 17. Bxf6 Qxf6 18. e5 Qe6 19. Bxh7+ Kh8 20. Ned4 Bxd4 21. Qxd4 d6 22. Rfe1 dxe5 23. Rxe5 Qh6 24. Bc2 f6 25. Re7 Bc6 26. Nh4 Rfe8 27. Nf5 Qg5 28. Rxg7 Qxg7 29. Qh4+ Kg8 30. Nxg7 Kxg7 31. Qh7+ Kf8 32. Bg6 1-0

[Event "Canadian op U1800"]
[Site "Sault Ste Marie"]
[Date "2017.07.10"]
[Round "3.22"]
[White "Itkin, Victor"]
[Black "Armstrong, Robert J"]
[Result "1-0"]
[WhiteElo "1761"]
[BlackElo "1503"]
[PlyCount "41"]
[EventDate "2017.07.08"]
[EventType "swiss"]
[EventRounds "9"]
[EventCountry "CAN"]
[SourceTitle "EXT 2022"]
[Source "ChessBase"]
[SourceDate "2021.10.06"]
[SourceVersion "1"]
[SourceVersionDate "2021.10.06"]
[SourceQuality "1"]

1. e4 g6 2. d4 Bg7 3. Nc3 d6 4. Nf3 Nf6 5. Be3 0-0 6. Qd2 Ng4 7. Bf4 e5 8. Bg5 f6 9. Bc4+ Kh8 10. Bh4 Qe8 11. h3 Nh6 12. Nd5 Qd7 13. Nxf6 Bxf6 14. Qxh6 Qf7 15. Bxf6+ Qxf6 16. dxe5 dxe5 17. 0-0-0 Nc6 18. Kb1 Be6 19. Ng5 Qe7 20. Bxe6 Rxf2 21. Rd7 1-0

[Event "Canadian op U1800"]
[Site "Sault Ste Marie"]
[Date "2017.07.09"]
[Round "2.24"]
[White "Armstrong, Robert J"]
[Black "McNichol, Paul"]
[Result "1-0"]
[WhiteElo "1503"]
[BlackElo "1556"]
[PlyCount "159"]
[EventDate "2017.07.08"]
[EventType "swiss"]
[EventRounds "9"]
[EventCountry "CAN"]
[SourceTitle "EXT 2022"]
[Source "ChessBase"]
[SourceDate "2021.10.06"]
[SourceVersion "1"]
[SourceVersionDate "2021.10.06"]
[SourceQuality "1"]

1. d4 Nf6 2. c4 g6 3. Nc3 d5 4. e3 Bg7 5. Nf3 0-0 6. Bd3 dxc4 7. Bxc4 c5 8. 0-0 cxd4 9. exd4 a6 10. a4 e6 11. Qe2 Nc6 12. Rd1 Na5 13. Ba2 Re8 14. Bg5 h6 15. Bh4 Qb6 16. Bxf6 Bxf6 17. b4 Nc6 18. a5 Qd8 19. Qe3 Bg7 20. Rab1 Bd7 21. Ne4 Qe7 22. Nc5 Rab8 23. d5 exd5 24. Qxe7 Rxe7 25. Bxd5 Nd8 26. Bxf7+ Nxf7 27. Rxd7 Rxd7 28. Nxd7 Re8 29. Nc5 Re7 30. g3 Bc3 31. Kg2 Rc7 32. Ne6 Rc4 33. b5 axb5 34. Rxb5 Ra4 35. Rxb7 Rxa5 36. Rb8+ Kh7 37. Nh4 g5 38. Nf3 Kg6 39. Rg8+ Kf6 40. Nc7 Ke7 41. Rg6 Kd7 42. Ne6 Ke7 43. Ned4 Rd5 44. Nc2 Rf5 45. Rc6 Rxf3 46. Ne3 Be1 47. Kxf3 Ne5+ 48. Ke2 Nxc6 49. Kxe1 Ke6 50. f3 Ne5 51. Ke2 Ng6 52. Kd3 Kd7 53. Nf5 Ne5+ 54. Ke3 Nf7 55. f4 gxf4+ 56. gxf4 Ke6 57. Nd4+ Kf6 58. h4 Nd6 59. Kf3 h5 60. Ne2 Nf7 61. Ng3 Kg6 62. f5+ Kh6 63. Kf4 Nd6 64. Ke5 Ne8 65. Ne4 Kg7 66. Ng5 Nf6 67. Ne4 Ng4+ 68. Ke6 Kf8 69. f6 Nxf6 70. Kxf6 Kg8 71. Kg6 Kh8 72. Ng3 Kg8 73. Nxh5 Kh8 74. Nf4 Kg8 75. Ne6 Kh8 76. h5 Kg8 77. h6 Kh8 78. Ng5 Kg8 79. h7+ Kh8 80. Nf7# 1-0

[Event "Quebec op U2000"]
[Site "Montreal"]
[Date "2016.07.28"]
[Round "7.16"]
[White "Armstrong, Robert J"]
[Black "Chevalier, Francois"]
[Result "0-1"]
[WhiteElo "1735"]
[BlackElo "1779"]
[PlyCount "68"]
[EventDate "2016.07.23"]
[EventType "swiss"]
[EventRounds "8"]
[EventCountry "CAN"]
[SourceTitle "EXT 2022"]
[Source "ChessBase"]
[SourceDate "2021.10.06"]
[SourceVersion "1"]
[SourceVersionDate "2021.10.06"]
[SourceQuality "1"]

1. g3 d5 2. Bg2 Nf6 3. c4 e6 4. Qb3 c6 5. cxd5 exd5 6. d3 Be7 7. Nc3 0-0 8. Bf4 Nbd7 9. Rc1 Qb6 10. Qxb6 axb6 11. Nf3 b5 12. a3 Nb6 13. 0-0 h6 14. e4 dxe4 15. dxe4 Be6 16. Bc7 Nc4 17. Rc2 Rac8 18. Bf4 Rfd8 19. Ne5 g5 20. Bxg5 hxg5 21. Nf3 g4 22. Ng5 Kg7 23. Nxe6+ fxe6 24. Re1 e5 25. f4 Bc5+ 26. Kh1 Bd4 27. fxe5 Bxe5 28. Bf1 Bxc3 29. Rxc3 Ne5 30. Rcc1 Rd2 31. Re2 Rcd8 32. Rce1 Nf3 33. Rxd2 Rxd2 34. Re2 Nxe4 0-1

[Event "Quebec op U2000"]
[Site "Montreal"]
[Date "2016.07.25"]
[Round "4.44"]
[White "Armstrong, Robert J"]
[Black "Molloy, Francis"]
[Result "1-0"]
[WhiteElo "1735"]
[BlackElo "1527"]
[PlyCount "53"]
[EventDate "2016.07.23"]
[EventType "swiss"]
[EventRounds "8"]
[EventCountry "CAN"]
[SourceTitle "EXT 2022"]
[Source "ChessBase"]
[SourceDate "2021.10.06"]
[SourceVersion "1"]
[SourceVersionDate "2021.10.06"]
[SourceQuality "1"]

1. d4 d5 2. Nf3 e6 3. e3 Nf6 4. c4 dxc4 5. Bxc4 Be7 6. 0-0 0-0 7. Nc3 a6 8. a3 b5 9. Ba2 c5 10. dxc5 Bxc5 11. b4 Be7 12. Bb2 Bb7 13. Qe2 Nc6 14. Rac1 Qb6 15. Rfd1 Rfd8 16. Bb1 Rxd1+ 17. Rxd1 Rd8 18. Ne4 Nxe4 19. Bxe4 Rxd1+ 20. Qxd1 Qd8 21. Qc2 f5 22. Bd3 Qd5 23. e4 Qd8 24. exf5 exf5 25. Bxf5 h6 26. Bh7+ Kh8 27. Bxg7+ 1-0

[Event "Quebec op U2000"]
[Site "Montreal"]
[Date "2016.07.24"]
[Round "2.22"]
[White "Mathews, Theo"]
[Black "Armstrong, Robert J"]
[Result "1-0"]
[WhiteElo "1588"]
[BlackElo "1735"]
[PlyCount "103"]
[EventDate "2016.07.23"]
[EventType "swiss"]
[EventRounds "8"]
[EventCountry "CAN"]
[SourceTitle "EXT 2022"]
[Source "ChessBase"]
[SourceDate "2021.10.06"]
[SourceVersion "1"]
[SourceVersionDate "2021.10.06"]
[SourceQuality "1"]

1. e4 g6 2. d4 Bg7 3. Nc3 c5 4. Be3 Qb6 5. Nd5 Qd8 6. Qd2 Nc6 7. Nf3 cxd4 8. Nxd4 e6 9. Nc3 a6 10. h4 h5 11. 0-0-0 Qa5 12. Kb1 Nge7 13. Be2 b5 14. Nb3 Qc7 15. f4 Na5 16. Nxa5 Qxa5 17. Bf3 Bxc3 18. Qxc3 Qxc3 19. bxc3 Bb7 20. Bd4 Rg8 21. Rhe1 d6 22. g4 hxg4 23. Bxg4 Rc8 24. Kb2 Rc4 25. Bf6 Rxe4 26. Rxe4 Bxe4 27. Rxd6 Bb7 28. Be2 Bc8 29. Bf3 a5 30. Bc6+ Nxc6 31. Rxc6 Kd7 32. Rc5 b4 33. cxb4 axb4 34. Rb5 Ba6 35. Rxb4 Rc8 36. Be5 Kc6 37. a4 Rd8 38. Bd4 Kd5 39. c3 Rd7 40. a5 Bc4 41. Ka3 Rc7 42. Rb6 Ra7 43. Kb4 Bd3 44. Rb8 Rd7 45. Rb6 Ra7 46. Be5 Rd7 47. a6 Ra7 48. Rd6+ Ke4 49. c4 Bf1 50. Rc6 Bg2 51. Bb8 Rd7 52. a7 1-0

[Event "Quebec op U2000"]
[Site "Montreal"]
[Date "2016.07.23"]
[Round "1.38"]
[White "Armstrong, Robert J"]
[Black "Filiatreault, Marc"]
[Result "0-1"]
[WhiteElo "1735"]
[BlackElo "1871"]
[PlyCount "94"]
[EventDate "2016.07.23"]
[EventType "swiss"]
[EventRounds "8"]
[EventCountry "CAN"]
[SourceTitle "EXT 2022"]
[Source "ChessBase"]
[SourceDate "2021.10.06"]
[SourceVersion "1"]
[SourceVersionDate "2021.10.06"]
[SourceQuality "1"]

1. d4 Nf6 2. c4 e6 3. Nf3 b6 4. Bg5 Bb7 5. a3 Be7 6. Nc3 0-0 7. Bxf6 Bxf6 8. e4 d6 9. Bd3 Nd7 10. 0-0 c5 11. Nb5 Qe7 12. Bc2 a6 13. Nc3 cxd4 14. Nxd4 Rac8 15. f4 g6 16. Rf3 Rxc4 17. Nde2 Rd8 18. Qd3 Rc7 19. b4 Bg7 20. Rh3 Rdc8 21. Qd2 Nf6 22. Rf1 b5 23. f5 exf5 24. exf5 d5 25. fxg6 hxg6 26. Nf4 Ne4 27. Qe2 Rxc3 28. Rxc3 Rxc3 29. Rd1 d4 30. Bb1 Re3 31. Qg4 Qg5 32. Qxg5 Nxg5 33. Bd3 Be4 34. Bxe4 Nxe4 35. Nd3 f5 36. Nf2 Rxa3 37. Re1 Re3 38. Rc1 Nc3 39. Ra1 Re6 40. Nd3 Ne4 41. Rc1 Kf7 42. Rc7+ Kf6 43. Nf4 Rd6 44. Nd3 Bh6 45. Kf1 Re6 46. Nc5 Nxc5 47. bxc5 d3 0-1

[Event "Francophone-ch 3rd"]
[Site "Montreal"]
[Date "2015.07.18"]
[Round "3"]
[White "Onkoud, Abdelaziz"]
[Black "Armstrong, Robert J"]
[Result "1-0"]
[WhiteElo "2308"]
[BlackElo "1567"]
[PlyCount "79"]
[EventDate "2015.07.17"]
[EventType "swiss"]
[EventRounds "9"]
[EventCountry "CAN"]
[SourceTitle "EXT 2016"]
[Source "ChessBase"]
[SourceDate "2015.10.08"]
[SourceVersion "1"]
[SourceVersionDate "2015.10.08"]
[SourceQuality "1"]

1. Nf3 g6 2. d4 Bg7 3. c4 d6 4. Nc3 c5 5. d5 Bxc3+ 6. bxc3 Nf6 7. Nd2 0-0 8. e4 Ng4 9. h3 Ne5 10. f4 Ned7 11. Nf3 Nf6 12. Bd3 e6 13. 0-0 Nh5 14. Re1 e5 15. fxe5 dxe5 16. Bh6 Re8 17. Qd2 f6 18. g4 Ng7 19. Nh4 g5 20. Nf5 Bxf5 21. exf5 Nd7 22. Be4 Nb6 23. Qd3 Nc8 24. d6 Qxd6 25. Qe3 Qe7 26. Rad1 Nb6 27. Qf3 Rab8 28. h4 gxh4 29. Rd2 Kh8 30. Rg2 Rg8 31. g5 Ne8 32. g6 a5 33. Qh5 Rd8 34. Kh2 Nxc4 35. Reg1 Rd7 36. g7+ Nxg7 37. Bxg7+ Qxg7 38. Rxg7 Rdxg7 39. Rxg7 Kxg7 40. Bd5 1-0

[Event "Francophone-ch 3rd"]
[Site "Montreal"]
[Date "2015.07.17"]
[Round "1"]
[White "Germain, Michel"]
[Black "Armstrong, Robert J"]
[Result "0-1"]
[WhiteElo "1982"]
[BlackElo "1567"]
[PlyCount "88"]
[EventDate "2015.07.17"]
[EventType "swiss"]
[EventRounds "9"]
[EventCountry "CAN"]
[SourceTitle "EXT 2016"]
[Source "ChessBase"]
[SourceDate "2015.10.08"]
[SourceVersion "1"]
[SourceVersionDate "2015.10.08"]
[SourceQuality "1"]

1. c4 g6 2. Nf3 Bg7 3. g3 Nf6 4. Bg2 0-0 5. 0-0 d6 6. Nc3 e5 7. d3 a6 8. Rb1 Nc6 9. b4 Nd4 10. Ne1 Rb8 11. e3 Ne6 12. a4 h5 13. Nf3 Ng4 14. h3 Nh6 15. e4 f5 16. Nh4 Qe8 17. Nd5 Kh7 18. Nf3 c6 19. Nb6 f4 20. b5 axb5 21. axb5 g5 22. Nh2 Nd4 23. Nxc8 Rxc8 24. Bb2 fxg3 25. fxg3 Rxf1+ 26. Nxf1 g4 27. Bxd4 exd4 28. bxc6 bxc6 29. Nh2 Be5 30. hxg4 Bxg3 31. Rb7+ Kh8 32. gxh5 Bxh2+ 33. Kxh2 Qe5+ 34. Kh1 Rg8 35. Rb2 Ng4 36. Bh3 Qxh5 37. Qf3 Qh6 38. Rg2 Qc1+ 39. Rg1 Qxg1+ 40. Kxg1 Ne5+ 41. Qg2 Nxd3 42. Qxg8+ Kxg8 43. Kf1 Kf7 44. Bd7 Ne5 0-1

[Event "Scarborough CC-ch"]
[Site "Toronto"]
[Date "2015.05.07"]
[Round "6"]
[White "Bercovici, Mark"]
[Black "Armstrong, Robert J"]
[Result "0-1"]
[WhiteElo "1178"]
[BlackElo "1595"]
[PlyCount "22"]
[EventDate "2015.04.02"]
[EventType "swiss"]
[EventRounds "8"]
[EventCountry "CAN"]
[SourceTitle "EXT 2019"]
[Source "ChessBase"]
[SourceDate "2018.10.10"]
[SourceVersion "1"]
[SourceVersionDate "2018.10.10"]
[SourceQuality "1"]

1. e4 g6 2. d4 Bg7 3. c4 d6 4. Nc3 Nf6 5. Be2 0-0 6. Be3 Nc6 7. g4 e5 8. g5 exd4 9. gxf6 Bxf6 10. Nd5 dxe3 11. Nxf6+ Qxf6 0-1

[Event "Canadian op U2000"]
[Site "Montreal"]
[Date "2014.07.23"]
[Round "6"]
[White "Armstrong, Robert J"]
[Black "Zhou, Yuetong"]
[Result "0-1"]
[WhiteElo "1645"]
[BlackElo "1707"]
[PlyCount "82"]
[EventDate "2014.07.19"]
[EventType "swiss"]
[EventRounds "9"]
[EventCountry "CAN"]
[SourceTitle "EXT 2022"]
[Source "ChessBase"]
[SourceDate "2021.10.06"]
[SourceVersion "1"]
[SourceVersionDate "2021.10.06"]
[SourceQuality "1"]

1. d4 Nf6 2. c4 e6 3. Nf3 Bb4+ 4. Bd2 Qe7 5. a3 Bxd2+ 6. Qxd2 0-0 7. Nc3 d6 8. e4 e5 9. d5 Nh5 10. h3 h6 11. Be2 Nf4 12. Rg1 a5 13. b3 Na6 14. b4 f5 15. Bd1 fxe4 16. Nxe4 Bf5 17. Bc2 axb4 18. axb4 Nxb4 19. Rxa8 Nxc2+ 20. Qxc2 Rxa8 21. Nfd2 Ra1+ 22. Nb1 Qd8 23. f3 Bg6 24. Kf2 Qa8 25. Kg3 Ra2 26. Qd1 Ne2+ 27. Kh2 Nxg1 28. Kxg1 Bxe4 29. fxe4 Ra1 30. Kh2 Qa2 31. Qg4 Qf2 32. Nc3 Qf4+ 33. Qxf4 exf4 34. Nb5 Rc1 35. Nxc7 Rxc4 36. Nb5 Rxe4 37. Nxd6 Re7 38. Nc8 Rd7 39. d6 b5 40. Ne7+ Rxe7 41. dxe7 Kf7 0-1

[Event "Toronto Battle of inv"]
[Site "Toronto"]
[Date "2012.11.19"]
[Round "5"]
[White "Armstrong, Robert J"]
[Black "Dougherty, Michael J"]
[Result "0-1"]
[WhiteElo "1606"]
[BlackElo "2275"]
[PlyCount "72"]
[EventDate "2012.10.15"]
[EventType "tourn"]
[EventRounds "7"]
[EventCountry "CAN"]
[SourceTitle "EXT 2022"]
[Source "ChessBase"]
[SourceDate "2021.10.06"]
[SourceVersion "1"]
[SourceVersionDate "2021.10.06"]
[SourceQuality "1"]

1. g3 d5 2. Bg2 c6 3. c4 e6 4. Qb3 Na6 5. d4 Nf6 6. cxd5 exd5 7. Nc3 Bf5 8. a3 Qb6 9. Qxb6 axb6 10. Bd2 Nb4 11. 0-0-0 Be7 12. Nf3 h6 13. Bf4 Na6 14. h4 b5 15. b4 Nxb4 16. axb4 Bxb4 17. Kb2 0-0 18. Ra1 Bxc3+ 19. Kxc3 Ne4+ 20. Kb2 Nxf2 21. Rxa8 Rxa8 22. Ra1 Re8 23. Bf1 f6 24. Ng1 g5 25. hxg5 hxg5 26. Bc7 Kf7 27. Bg2 Ne4 28. Ra7 Bc8 29. Kc2 Re7 30. Bb8 b4 31. Bf1 Nc3 32. Kb3 Nb5 33. Ra4 Nxd4+ 34. Kb2 Nf5 35. Rxb4 Ne3 36. Bg2 Nxg2 0-1

[Event "Scarborough CC-ch"]
[Site "Toronto"]
[Date "2012.06.07"]
[Round "9"]
[White "Bellissimo, Joseph F"]
[Black "Armstrong, Robert J"]
[Result "1-0"]
[WhiteElo "1916"]
[BlackElo "1641"]
[PlyCount "63"]
[EventDate "2012.03.22"]
[EventType "tourn"]
[EventRounds "9"]
[EventCountry "CAN"]
[SourceTitle "EXT 2022"]
[Source "ChessBase"]
[SourceDate "2021.10.06"]
[SourceVersion "1"]
[SourceVersionDate "2021.10.06"]
[SourceQuality "1"]

1. e4 g6 2. d4 Bg7 3. Nc3 c5 4. Nf3 Nc6 5. Be3 cxd4 6. Nxd4 Qa5 7. Qd2 d6 8. 0-0-0 Be6 9. Kb1 Rc8 10. a3 Ne5 11. Nxe6 fxe6 12. Bd4 Nf6 13. Bb5+ Kf7 14. Qe2 a6 15. Bxe5 axb5 16. Bxf6 Bxf6 17. Nxb5 Rc5 18. Nd4 Qb6 19. Nb3 Rb5 20. f4 Ra8 21. Rd3 Ra4 22. Rf1 Kg7 23. g4 Kg8 24. g5 Bg7 25. f5 Qa7 26. f6 exf6 27. gxf6 Bf8 28. f7+ Kh8 29. Qf3 Qa8 30. Rxd6 Bg7 31. f8Q+ Bxf8 32. Qf6+ 1-0

[Event "Scarborough CC-ch"]
[Site "Toronto"]
[Date "2012.05.31"]
[Round "6"]
[White "Lin, Tony"]
[Black "Armstrong, Robert J"]
[Result "1-0"]
[WhiteElo "2042"]
[BlackElo "1641"]
[PlyCount "42"]
[EventDate "2012.03.22"]
[EventType "tourn"]
[EventRounds "9"]
[EventCountry "CAN"]
[SourceTitle "EXT 2022"]
[Source "ChessBase"]
[SourceDate "2021.10.06"]
[SourceVersion "1"]
[SourceVersionDate "2021.10.06"]
[SourceQuality "1"]

1. d4 g6 2. e4 Bg7 3. Nc3 c5 4. Nf3 cxd4 5. Nxd4 Nc6 6. Be3 a6 7. Be2 e6 8. 0-0 Nge7 9. Kh1 h5 10. f4 Qc7 11. f5 Be5 12. Nf3 exf5 13. Nxe5 Qxe5 14. Bf4 Qg7 15. exf5 gxf5 16. Bf3 Ne5 17. Bxe5 Qxe5 18. Re1 Qg7 19. Nd5 Kf8 20. Nxe7 d5 21. Nxd5 Rb8 1-0

[Event "Scarborough CC-ch"]
[Site "Toronto"]
[Date "2012.04.12"]
[Round "4"]
[White "Southam, David"]
[Black "Armstrong, Robert J"]
[Result "1-0"]
[WhiteElo "2222"]
[BlackElo "1683"]
[PlyCount "59"]
[EventDate "2012.03.22"]
[EventType "tourn"]
[EventRounds "9"]
[EventCountry "CAN"]
[SourceTitle "EXT 2022"]
[Source "ChessBase"]
[SourceDate "2021.10.06"]
[SourceVersion "1"]
[SourceVersionDate "2021.10.06"]
[SourceQuality "1"]

1. d4 g6 2. c4 Bg7 3. e4 c5 4. d5 Qb6 5. Nc3 Bxc3+ 6. bxc3 d6 7. Bd3 Nf6 8. f4 h5 9. h3 h4 10. Qf3 Nh5 11. Ne2 f5 12. 0-0 fxe4 13. Bxe4 Bf5 14. Bxf5 gxf5 15. Qd3 Ng7 16. Rb1 Qc7 17. Kh2 Nd7 18. Ng1 Nf6 19. Nf3 Ne4 20. Bd2 0-0-0 21. Be1 Ng3 22. Bxg3 hxg3+ 23. Kxg3 Kb8 24. Ng5 Rdg8 25. Kh2 Qc8 26. Rfe1 Qe8 27. Qe3 Qg6 28. Qxe7 b6 29. Qf7 Nh5 30. Re8+ 1-0